[Event "CYCC U08"]
[Site "Vancouver CAN"]
[Date "2012.07.04"]
[Round "3"]
[White "Du, Daniel"]
[Black "Washimkar, Arhant"]
[Result "0-1"]
[WhiteElo "834"]
[BlackElo "1145"]
[PlyCount "76"]
[GameId "2160767909508385"]
[EventDate "2012.07.03"]
[EventType "swiss"]
[EventRounds "7"]
[EventCountry "CAN"]
[SourceTitle "EXT 2022"]
[Source "ChessBase"]
[SourceDate "2021.10.06"]
[SourceVersion "1"]
[SourceVersionDate "2021.10.06"]
[SourceQuality "1"]

1. e4 e5 2. Nf3 Nc6 3. Bc4 Bc5 4. Nc3 Nf6 5. d3 d6 6. O-O Bg4 7. Bg5 h6 8. Bxf6 Qxf6 9. Nd5 Qd8 10. h3 Bh5 11. Qe2 Nd4 12. Qd1 Qd7 13. a4 Nxf3+ 14. gxf3 Qxh3 15. Nxc7+ Kd8 16. Nxa8 Bxf3 17. Qxf3 Qxf3 18. Rad1 Qg3+ 19. Kh1 Bxf2 20. Rxf2 Qxf2 21. Rg1 Qe3 22. Rxg7 Qc1+ 23. Kh2 Qxc2+ 24. Rg2 Qxa4 25. Bxf7 Kd7 26. Rg7 Qc2+ 27. Kh1 Qd1+ 28. Kh2 Qe2+ 29. Kh1 Qf1+ 30. Kh2 Rxa8 31. Bd5+ Kc8 32. Rg8+ Kc7 33. Rxa8 Qxd3 34. Rxa7 Qe2+ 35. Kh3 Qf3+ 36. Kh4 Qf2+ 37. Kh5 Qxa7 38. Kxh6 Qg1 0-1

[Event "CYCC U08"]
[Site "Vancouver CAN"]
[Date "2012.07.04"]
[Round "3"]
[White "Huang, Patrick"]
[Black "Wu, James"]
[Result "1-0"]
[WhiteElo "790"]
[BlackElo "626"]
[PlyCount "55"]
[GameId "2160767909508386"]
[EventDate "2012.07.03"]
[EventType "swiss"]
[EventRounds "7"]
[EventCountry "CAN"]
[SourceTitle "EXT 2022"]
[Source "ChessBase"]
[SourceDate "2021.10.06"]
[SourceVersion "1"]
[SourceVersionDate "2021.10.06"]
[SourceQuality "1"]

1. e4 e5 2. Nf3 Nc6 3. Bc4 Nf6 4. Nc3 Bc5 5. Nxe5 Nxe5 6. d4 Nxc4 7. dxc5 c6 8. Qd4 b5 9. cxb6 Nxb6 10. Bg5 h6 11. Bh4 d5 12. e5 c5 13. Qd2 Nc4 14. Qe2 Nxe5 15. Qxe5+ Qe7 16. Qxe7+ Kxe7 17. Nxd5+ Ke6 18. Nc7+ Kd7 19. Nxa8 Bb7 20. O-O-O+ Kc6 21. Rd2 Rxa8 22. Rhd1 Ne4 23. Rd7 g5 24. Bg3 Nxg3 25. R1d6+ Kb5 26. Rxb7+ Kc4 27. b3+ Kc3 28. Rd3# 1-0

[Event "CYCC U08"]
[Site "Vancouver CAN"]
[Date "2012.07.04"]
[Round "3"]
[White "James, Rowan"]
[Black "Qu, Leo"]
[Result "1-0"]
[WhiteElo "1052"]
[BlackElo "833"]
[PlyCount "51"]
[GameId "2160767909508387"]
[EventDate "2012.07.03"]
[EventType "swiss"]
[EventRounds "7"]
[EventCountry "CAN"]
[SourceTitle "EXT 2022"]
[Source "ChessBase"]
[SourceDate "2021.10.06"]
[SourceVersion "1"]
[SourceVersionDate "2021.10.06"]
[SourceQuality "1"]

1. e4 e6 2. Nf3 d5 3. exd5 exd5 4. d4 c5 5. Be3 c4 6. Nc3 Bb4 7. Qd2 Nf6 8. Bg5 O-O 9. Be2 Bxc3 10. Qxc3 h6 11. Bxf6 Qxf6 12. O-O-O Re8 13. Rhe1 Bg4 14. Ne5 Bxe2 15. Rxe2 Qf4+ 16. Kb1 Qxh2 17. Ng4 Qxg2 18. Rxe8+ Kh7 19. Qg3 Qxg3 20. fxg3 f6 21. Rde1 Kg6 22. R1e6 Kf5 23. Ne3+ Kg6 24. Nxd5 Kf7 25. Nf4 g5 26. R6e7# 1-0

[Event "CYCC U08"]
[Site "Vancouver CAN"]
[Date "2012.07.04"]
[Round "3"]
[White "Mann, Kabir"]
[Black "Low, Kevin"]
[Result "0-1"]
[WhiteElo "353"]
[BlackElo "917"]
[PlyCount "76"]
[GameId "2160767909508388"]
[EventDate "2012.07.03"]
[EventType "swiss"]
[EventRounds "7"]
[EventCountry "CAN"]
[SourceTitle "EXT 2022"]
[Source "ChessBase"]
[SourceDate "2021.10.06"]
[SourceVersion "1"]
[SourceVersionDate "2021.10.06"]
[SourceQuality "1"]

1. d4 d5 2. e3 Nf6 3. Bd2 Bf5 4. Bb5+ c6 5. Bd3 Bxd3 6. cxd3 Nbd7 7. Bc3 Qc7 8. Qd2 e5 9. Ba5 b6 10. dxe5 Nxe5 11. d4 Nc4 12. Bb4 Nxd2 13. Nxd2 Bxb4 14. a3 Bxd2+ 15. Kxd2 Ne4+ 16. Ke1 O-O-O 17. Nf3 Kb7 18. h4 Rdg8 19. Ne5 g5 20. f3 Ng3 21. Rh3 f6 22. Rxg3 fxe5 23. dxe5 gxh4 24. Rxg8 Rxg8 25. e6 Qg3+ 26. Ke2 Qxg2+ 27. Ke1 Qg1+ 28. Ke2 Rg2+ 29. Kd3 Qxa1 30. e7 Rg8 31. f4 Qd1+ 32. Kc3 Rg3 33. e8=Q Qe1+ 34. Kd4 Qd2+ 35. Ke5 Qxe3+ 36. Kf6 Qxf4+ 37. Ke7 Re3+ 38. Kd7 Qc7# 0-1

[Event "CYCC U08"]
[Site "Vancouver CAN"]
[Date "2012.07.04"]
[Round "3"]
[White "Mirabelli, Aidan"]
[Black "Wan, Justin"]
[Result "1-0"]
[WhiteElo "932"]
[BlackElo "733"]
[PlyCount "55"]
[GameId "2160767909508389"]
[EventDate "2012.07.03"]
[EventType "swiss"]
[EventRounds "7"]
[EventCountry "CAN"]
[SourceTitle "EXT 2022"]
[Source "ChessBase"]
[SourceDate "2021.10.06"]
[SourceVersion "1"]
[SourceVersionDate "2021.10.06"]
[SourceQuality "1"]

1. e4 e5 2. Nf3 Nc6 3. Nc3 Nf6 4. Bb5 a6 5. Ba4 Bc5 6. Nxe5 Nxe5 7. d4 Bd6 8. dxe5 Bxe5 9. Be3 b5 10. Bb3 Bb7 11. f4 Bxc3+ 12. bxc3 c6 13. Qd4 d5 14. e5 Ng4 15. f5 Nxe3 16. Qxe3 Qh4+ 17. g3 Qh3 18. f6 gxf6 19. exf6+ Kf8 20. Qe7+ Kg8 21. Qxb7 Re8+ 22. Kd2 Qh6+ 23. Kd1 Qh5+ 24. Kc1 h6 25. Qxc6 Qg5+ 26. Kb2 Qd2 27. Qxe8+ Kh7 28. Qxf7# 1-0

[Event "CYCC U08"]
[Site "Vancouver CAN"]
[Date "2012.07.04"]
[Round "3"]
[White "Pan, Nicholas"]
[Black "Liang, Albert"]
[Result "0-1"]
[WhiteElo "709"]
[BlackElo "764"]
[PlyCount "34"]
[GameId "2160767909508390"]
[EventDate "2012.07.03"]
[EventType "swiss"]
[EventRounds "7"]
[EventCountry "CAN"]
[SourceTitle "EXT 2022"]
[Source "ChessBase"]
[SourceDate "2021.10.06"]
[SourceVersion "1"]
[SourceVersionDate "2021.10.06"]
[SourceQuality "1"]

1. e4 e5 2. Bc4 Nf6 3. Nf3 Nc6 4. Nc3 Bc5 5. d3 d6 6. Bg5 O-O 7. O-O Nd4 8. Bxf6 Qxf6 9. Nd5 Nxf3+ 10. Qxf3 Qxf3 11. gxf3 Bh3 12. Ne7+ Kh8 13. Rfe1 Rfe8 14. Nd5 Re6 15. Nxc7 Rg6+ 16. Kh1 Bxf2 17. Bxf7 Bg2# 0-1

[Event "CYCC U08"]
[Site "Vancouver CAN"]
[Date "2012.07.04"]
[Round "3"]
[White "Vettese, Nicholas"]
[Black "Allard, Max"]
[Result "0-1"]
[WhiteElo "821"]
[BlackElo "801"]
[PlyCount "34"]
[GameId "2160767909508391"]
[EventDate "2012.07.03"]
[EventType "swiss"]
[EventRounds "7"]
[EventCountry "CAN"]
[SourceTitle "EXT 2022"]
[Source "ChessBase"]
[SourceDate "2021.10.06"]
[SourceVersion "1"]
[SourceVersionDate "2021.10.06"]
[SourceQuality "1"]

1. e4 e5 2. Nf3 Nc6 3. Bc4 Bc5 4. Nc3 Nf6 5. Ng5 Nxe4 6. Ncxe4 d5 7. Bd3 dxe4 8. Nxe4 Bf5 9. Nxc5 Bxd3 10. Nxd3 e4 11. Qe2 O-O 12. Qxe4 Re8 13. Qxe8+ Qxe8+ 14. Kf1 Nd4 15. c3 Qe2+ 16. Kg1 Qd1+ 17. Ne1 Qxe1# 0-1

[Event "CYCC U08"]
[Site "Vancouver CAN"]
[Date "2012.07.04"]
[Round "3"]
[White "Wang, Jackie"]
[Black "Li, Jack"]
[Result "0-1"]
[WhiteElo "718"]
[BlackElo "698"]
[PlyCount "74"]
[GameId "2160767909508392"]
[EventDate "2012.07.03"]
[EventType "swiss"]
[EventRounds "7"]
[EventCountry "CAN"]
[SourceTitle "EXT 2022"]
[Source "ChessBase"]
[SourceDate "2021.10.06"]
[SourceVersion "1"]
[SourceVersionDate "2021.10.06"]
[SourceQuality "1"]

1. e4 e5 2. Nf3 Nc6 3. Bb5 Bc5 4. Bxc6 dxc6 5. Nxe5 Qd4 6. Ng4 Bxg4 7. Qxg4 Qxf2+ 8. Kd1 Qf6 9. d3 Ne7 10. Bg5 Qxb2 11. Nd2 Qxa1+ 12. Nb1 O-O 13. Kd2 Qxa2 14. Kc1 Ba3+ 15. Kd2 Bb4+ 16. Nc3 Bxc3+ 17. Kxc3 Qa3+ 18. Kd2 Rad8 19. Qh4 f6 20. Bf4 Qa5+ 21. Kd1 Qa1+ 22. Bc1 Ng6 23. Qe1 Nf4 24. g3 Nxd3 25. cxd3 Rxd3+ 26. Ke2 Qd4 27. Qa5 Qxe4+ 28. Kf1 Rf3+ 29. Kg2 Ra3+ 30. Kg1 Rxa5 31. h4 Qe2 32. Rh2 Qe1+ 33. Kg2 Qxc1 34. Kh3 Ra4 35. g4 Qc3+ 36. Kg2 Ra2+ 37. Kf1 Qc1# 0-1

[Event "CYCC U08"]
[Site "Vancouver CAN"]
[Date "2012.07.04"]
[Round "3"]
[White "Zhang, Arthur"]
[Black "Jin, Eric"]
[Result "0-1"]
[WhiteElo "338"]
[BlackElo "855"]
[PlyCount "32"]
[GameId "2160767909508393"]
[EventDate "2012.07.03"]
[EventType "swiss"]
[EventRounds "7"]
[EventCountry "CAN"]
[SourceTitle "EXT 2022"]
[Source "ChessBase"]
[SourceDate "2021.10.06"]
[SourceVersion "1"]
[SourceVersionDate "2021.10.06"]
[SourceQuality "1"]

1. e4 e5 2. Nf3 Nc6 3. Bc4 Bc5 4. O-O Nf6 5. Nc3 d6 6. h3 Nd4 7. Nxd4 Bxd4 8. Ne2 d5 9. exd5 Nxd5 10. Nxd4 exd4 11. Bxd5 Qxd5 12. Qe1+ Be6 13. d3 Kd8 14. Bf4 Bd7 15. Qe2 Bc6 16. Rfe1 Qxg2# 0-1

[Event "CYCC U08"]
[Site "Vancouver CAN"]
[Date "2012.07.04"]
[Round "3"]
[White "Zhao, Ian"]
[Black "Butchart, Kevin"]
[Result "1-0"]
[WhiteElo "971"]
[BlackElo "704"]
[PlyCount "89"]
[GameId "2160767909508394"]
[EventDate "2012.07.03"]
[EventType "swiss"]
[EventRounds "7"]
[EventCountry "CAN"]
[SourceTitle "EXT 2022"]
[Source "ChessBase"]
[SourceDate "2021.10.06"]
[SourceVersion "1"]
[SourceVersionDate "2021.10.06"]
[SourceQuality "1"]

1. e4 e5 2. Nf3 Nc6 3. d4 exd4 4. Nxd4 Qh4 5. Nc3 Bb4 6. Nxc6 Qxe4+ 7. Qe2 Qxe2+ 8. Bxe2 dxc6 9. O-O Nf6 10. a3 Bd6 11. Bg5 Nd5 12. Nxd5 cxd5 13. Bf3 Be6 14. Rfe1 O-O 15. Rad1 c6 16. c4 dxc4 17. Rxd6 Rfe8 18. Red1 h6 19. Be3 Bf5 20. Rc1 Be6 21. Be2 Bf5 22. Rxc4 Re5 23. Rf4 Be4 24. Rd4 Bd5 25. Bc4 Bxc4 26. Rxc4 Rd8 27. Rfd4 Rxd4 28. Rxd4 Kh7 29. Kf1 Kg6 30. Ke2 Kf5 31. Kf3 g5 32. g4+ Ke6 33. Re4 a6 34. Bd4 Rxe4 35. Kxe4 f6 36. f4 a5 37. fxg5 fxg5 38. Bg7 Kf7 39. Bxh6 Kg6 40. Bf8 a4 41. Ke5 c5 42. Bxc5 b5 43. Ke6 Kg7 44. Be7 Kg6 45. h4 1-0

[Event "CYCC U08"]
[Site "Vancouver CAN"]
[Date "2012.07.04"]
[Round "3"]
[White "Zheng, Victor"]
[Black "Jiang, David"]
[Result "1-0"]
[WhiteElo "846"]
[BlackElo "486"]
[PlyCount "65"]
[GameId "2160767909508395"]
[EventDate "2012.07.03"]
[EventType "swiss"]
[EventRounds "7"]
[EventCountry "CAN"]
[SourceTitle "EXT 2022"]
[Source "ChessBase"]
[SourceDate "2021.10.06"]
[SourceVersion "1"]
[SourceVersionDate "2021.10.06"]
[SourceQuality "1"]

1. e4 e5 2. Nf3 Nc6 3. Bc4 Bc5 4. d3 Nf6 5. Bg5 d6 6. Nc3 Bg4 7. Nd5 Nd4 8. c3 c6 9. Nxf6+ gxf6 10. cxd4 Bxd4 11. Bc1 Qe7 12. h3 Bxf3 13. Qxf3 O-O-O 14. Qf5+ Rd7 15. Rb1 d5 16. exd5 cxd5 17. Bxd5 Kb8 18. Be4 Qe6 19. b3 Bc3+ 20. Bd2 Bxd2+ 21. Kxd2 Rg8 22. g4 h6 23. Qh7 Rg6 24. Bxg6 fxg6 25. Qxg6 Qd6 26. Rhc1 Qd4 27. Rf1 e4 28. Rbc1 b5 29. Rc3 b4 30. Qe8+ Kb7 31. Qc8+ Kb6 32. Rc6+ Kb5 33. Qa6# 1-0

[Event "CYCC U08"]
[Site "Vancouver CAN"]
[Date "2012.07.04"]
[Round "4"]
[White "Allard, Max"]
[Black "Mirabelli, Aidan"]
[Result "1-0"]
[WhiteElo "801"]
[BlackElo "932"]
[PlyCount "43"]
[GameId "2160767909508396"]
[EventDate "2012.07.03"]
[EventType "swiss"]
[EventRounds "7"]
[EventCountry "CAN"]
[SourceTitle "EXT 2022"]
[Source "ChessBase"]
[SourceDate "2021.10.06"]
[SourceVersion "1"]
[SourceVersionDate "2021.10.06"]
[SourceQuality "1"]

1. e4 e5 2. Nf3 Nc6 3. Nc3 Nf6 4. Bb5 Bb4 5. d3 O-O 6. O-O d5 7. Bg5 Bxc3 8. bxc3 h6 9. Bxf6 gxf6 10. Qd2 Bg4 11. Qxh6 Bxf3 12. gxf3 d4 13. c4 Qd6 14. Kh1 Ne7 15. Rg1+ Ng6 16. h4 Qe6 17. Rg3 f5 18. h5 f4 19. Rg4 f5 20. Rxg6+ Qxg6 21. hxg6 fxe4 22. Qh7# 1-0

[Event "CYCC U08"]
[Site "Vancouver CAN"]
[Date "2012.07.04"]
[Round "4"]
[White "Jin, Eric"]
[Black "Huang, Patrick"]
[Result "0-1"]
[WhiteElo "855"]
[BlackElo "790"]
[PlyCount "58"]
[GameId "2160767909508397"]
[EventDate "2012.07.03"]
[EventType "swiss"]
[EventRounds "7"]
[EventCountry "CAN"]
[SourceTitle "EXT 2022"]
[Source "ChessBase"]
[SourceDate "2021.10.06"]
[SourceVersion "1"]
[SourceVersionDate "2021.10.06"]
[SourceQuality "1"]

1. e4 c5 2. Bc4 Nc6 3. Nc3 Nf6 4. Nf3 e6 5. d3 d5 6. exd5 exd5 7. Bb5 Bd7 8. Bg5 Be7 9. Qd2 O-O 10. Qe3 d4 11. Qf4 dxc3 12. bxc3 Re8 13. Kd1 a6 14. Ba4 b5 15. Bb3 a5 16. a4 b4 17. cxb4 axb4 18. Bxf6 Bxf6 19. Re1 Rxe1+ 20. Kxe1 Qe7+ 21. Kd1 Bxa1 22. Bd5 Rxa4 23. Be4 Bc3 24. Bxc6 Ra1+ 25. Qc1 Rxc1+ 26. Kxc1 Bxc6 27. g4 Bxf3 28. Kb1 Bd5 29. Kc1 Qe1# 0-1

[Event "CYCC U08"]
[Site "Vancouver CAN"]
[Date "2012.07.04"]
[Round "4"]
[White "Li, Jack"]
[Black "Qu, Leo"]
[Result "0-1"]
[WhiteElo "698"]
[BlackElo "833"]
[PlyCount "56"]
[GameId "2160767909508398"]
[EventDate "2012.07.03"]
[EventType "swiss"]
[EventRounds "7"]
[EventCountry "CAN"]
[SourceTitle "EXT 2022"]
[Source "ChessBase"]
[SourceDate "2021.10.06"]
[SourceVersion "1"]
[SourceVersionDate "2021.10.06"]
[SourceQuality "1"]

1. e4 e5 2. Nf3 Nc6 3. Bc4 Bc5 4. O-O Nf6 5. Nc3 d6 6. h3 Bd7 7. d3 Qe7 8. Bg5 O-O-O 9. Nd5 Qf8 10. Nxf6 gxf6 11. Bxf6 Rg8 12. Bxd8 Qg7 13. Bg5 h6 14. g3 hxg5 15. Kg2 Qh7 16. Rh1 Qg7 17. Qd2 g4 18. hxg4 Bxg4 19. Qe2 Nd4 20. Qd1 Bxf3+ 21. Qxf3 Nxf3 22. Kxf3 Qf6+ 23. Kg2 Qxf2+ 24. Kh3 Rh8+ 25. Kg4 Qe2+ 26. Kg5 Be3+ 27. Kf6 Qf3+ 28. Ke7 Bg5# 0-1

[Event "CYCC U08"]
[Site "Vancouver CAN"]
[Date "2012.07.04"]
[Round "4"]
[White "Liang, Albert"]
[Black "Jiang, David"]
[Result "1-0"]
[WhiteElo "764"]
[BlackElo "486"]
[PlyCount "25"]
[GameId "2160767909508399"]
[EventDate "2012.07.03"]
[EventType "swiss"]
[EventRounds "7"]
[EventCountry "CAN"]
[SourceTitle "EXT 2022"]
[Source "ChessBase"]
[SourceDate "2021.10.06"]
[SourceVersion "1"]
[SourceVersionDate "2021.10.06"]
[SourceQuality "1"]

1. d4 d5 2. e3 e6 3. Bd3 Bd6 4. f4 Nf6 5. Nd2 Nc6 6. c4 Nb4 7. Bb1 Bd7 8. Ngf3 Nc6 9. O-O Ne4 10. Nxe4 dxe4 11. Ng5 Nb8 12. Qh5 O-O 13. Qxh7# 1-0

[Event "CYCC U08"]
[Site "Vancouver CAN"]
[Date "2012.07.04"]
[Round "4"]
[White "Low, Kevin"]
[Black "Zheng, Victor"]
[Result "1-0"]
[WhiteElo "917"]
[BlackElo "846"]
[PlyCount "47"]
[GameId "2160767909508400"]
[EventDate "2012.07.03"]
[EventType "swiss"]
[EventRounds "7"]
[EventCountry "CAN"]
[SourceTitle "EXT 2022"]
[Source "ChessBase"]
[SourceDate "2021.10.06"]
[SourceVersion "1"]
[SourceVersionDate "2021.10.06"]
[SourceQuality "1"]

1. d4 d5 2. Nf3 Nc6 3. Bf4 Nf6 4. e3 Bg4 5. Be2 e6 6. O-O Bd6 7. Ne5 Bxe5 8. dxe5 Bxe2 9. Qxe2 Nd7 10. e4 Ndxe5 11. exd5 Qxd5 12. Nc3 Qc5 13. Rad1 Rc8 14. Rfe1 Nc4 15. Na4 Qb4 16. b3 Nd6 17. c3 Qa5 18. Bxd6 cxd6 19. Rxd6 b5 20. Rxe6+ fxe6 21. Qxe6+ Kf8 22. Qxc8+ Kf7 23. Qf5+ Kg8 24. Re8# 1-0

[Event "CYCC U08"]
[Site "Vancouver CAN"]
[Date "2012.07.04"]
[Round "4"]
[White "Vettese, Nicholas"]
[Black "Pulfer, Ben"]
[Result "1-0"]
[WhiteElo "821"]
[BlackElo "580"]
[PlyCount "103"]
[GameId "2160767909508401"]
[EventDate "2012.07.03"]
[EventType "swiss"]
[EventRounds "7"]
[EventCountry "CAN"]
[SourceTitle "EXT 2022"]
[Source "ChessBase"]
[SourceDate "2021.10.06"]
[SourceVersion "1"]
[SourceVersionDate "2021.10.06"]
[SourceQuality "1"]

1. e4 e5 2. Nf3 Nc6 3. Bc4 Nf6 4. Ng5 d5 5. exd5 Na5 6. Bd3 h6 7. Nf3 Bc5 8. c3 O-O 9. b4 Bb6 10. bxa5 Bxa5 11. O-O e4 12. Qa4 b6 13. Bxe4 Nxe4 14. Qxe4 Qe8 15. Qxe8 Rxe8 16. Na3 Bd7 17. Nc4 Bb5 18. d3 Bxc4 19. dxc4 Bxc3 20. Rb1 Be5 21. Nxe5 Rxe5 22. Bb2 Re7 23. Rfe1 Rd7 24. h3 Rb8 25. Re2 Rb7 26. Bd4 c5 27. Bc3 Rd8 28. Rbe1 Rbb8 29. Re7 Kf8 30. Rxa7 Ra8 31. Rxa8 Rxa8 32. Re2 Rb8 33. Be5 Rb7 34. Bd6+ Kg8 35. Re7 Rxe7 36. Bxe7 Kh7 37. d6 Kg6 38. d7 Kf5 39. d8=Q f6 40. Qd5+ Kg6 41. Qd6 Kg5 42. Qxb6 Kg6 43. a4 Kf7 44. Qxc5 Kg6 45. a5 Kf7 46. a6 Kg6 47. a7 Kf7 48. a8=Q Kg6 49. Qf3 Kh7 50. Qff5+ Kg8 51. Qcd5+ Kh8 52. Qd8# 1-0

[Event "CYCC U08"]
[Site "Vancouver CAN"]
[Date "2012.07.04"]
[Round "4"]
[White "Wan, Justin"]
[Black "Mann, Kabir"]
[Result "1-0"]
[WhiteElo "733"]
[BlackElo "353"]
[PlyCount "63"]
[GameId "2160767909508402"]
[EventDate "2012.07.03"]
[EventType "swiss"]
[EventRounds "7"]
[EventCountry "CAN"]
[SourceTitle "EXT 2022"]
[Source "ChessBase"]
[SourceDate "2021.10.06"]
[SourceVersion "1"]
[SourceVersionDate "2021.10.06"]
[SourceQuality "1"]

1. f4 Nf6 2. Nf3 d5 3. d4 c6 4. c3 Qd7 5. Be3 Ne4 6. Nbd2 Qd6 7. Nxe4 dxe4 8. Ng5 Qf6 9. Nxe4 Qg6 10. Qd3 Bf5 11. Qd2 Bxe4 12. c4 Bxg2 13. Bxg2 Qxg2 14. Rg1 Qxh2 15. Qa5 b6 16. Qe5 e6 17. Qg5 f5 18. Kd2 h6 19. Qg6+ Kd8 20. Qf7 Bb4+ 21. Kd1 Re8 22. Qb7 e5 23. dxe5 Nd7 24. Qxa8+ Ke7 25. Rxg7+ Kf8 26. Qxc6 Rd8 27. Rxd7 Qh1+ 28. Kc2 Qxa1 29. Rxd8+ Kg7 30. Rd7+ Be7 31. Rxe7+ Kf8 32. Qe8# 1-0

[Event "CYCC U08"]
[Site "Vancouver CAN"]
[Date "2012.07.04"]
[Round "4"]
[White "Washimkar, Arhant"]
[Black "Doknjas, Neil"]
[Result "0-1"]
[WhiteElo "1145"]
[BlackElo "1090"]
[PlyCount "92"]
[GameId "2160767909508403"]
[EventDate "2012.07.03"]
[EventType "swiss"]
[EventRounds "7"]
[EventCountry "CAN"]
[SourceTitle "EXT 2022"]
[Source "ChessBase"]
[SourceDate "2021.10.06"]
[SourceVersion "1"]
[SourceVersionDate "2021.10.06"]
[SourceQuality "1"]

1. e4 e5 2. Nf3 Nf6 3. Nc3 Nc6 4. Bb5 Bc5 5. Nxe5 Bxf2+ 6. Kxf2 Nxe5 7. d4 Neg4+ 8. Ke2 O-O 9. h3 d6 10. Qd3 Nh6 11. g4 Nhxg4 12. hxg4 Bxg4+ 13. Ke1 c6 14. e5 dxe5 15. dxe5 Qxd3 16. Bxd3 Rfe8 17. Bf4 Nh5 18. Rf1 Nxf4 19. Rxf4 Rxe5+ 20. Be4 f5 21. Rd1 Bxd1 22. Kxd1 fxe4 23. Nxe4 Kh8 24. Nd6 Rd5+ 25. Kc1 Rxd6 26. Rf1 Re8 27. b3 Rb8 28. c4 h5 29. Rf5 Rh6 30. b4 h4 31. Rf2 h3 32. Rh2 g5 33. Kd2 Re8 34. a4 g4 35. b5 c5 36. a5 b6 37. axb6 axb6 38. Kc3 g3 39. Ra2 h2 40. Ra1 h1=Q 41. Rxh1 Rxh1 42. Kd3 Rd1+ 43. Kc2 Red8 44. Kc3 R8d3+ 45. Kc2 R1d2+ 46. Kc1 Rh2 0-1

[Event "CYCC U08"]
[Site "Vancouver CAN"]
[Date "2012.07.04"]
[Round "4"]
[White "Wu, James"]
[Black "Butchart, Kevin"]
[Result "0-1"]
[WhiteElo "626"]
[BlackElo "704"]
[PlyCount "88"]
[GameId "2160767909508404"]
[EventDate "2012.07.03"]
[EventType "swiss"]
[EventRounds "7"]
[EventCountry "CAN"]
[SourceTitle "EXT 2022"]
[Source "ChessBase"]
[SourceDate "2021.10.06"]
[SourceVersion "1"]
[SourceVersionDate "2021.10.06"]
[SourceQuality "1"]

1. e4 e5 2. Nf3 Nc6 3. Nc3 Nf6 4. Bc4 Nxe4 5. Nxe4 d5 6. Nf6+ gxf6 7. Bb5 Bd7 8. c4 d4 9. O-O Bg7 10. d3 a6 11. Bxc6 Bxc6 12. b3 b5 13. a4 Qd7 14. Re1 bxa4 15. bxa4 O-O 16. a5 Qg4 17. h3 Qg6 18. Ba3 Rfb8 19. Qe2 Bd7 20. Nh4 Qg5 21. Nf3 Qh5 22. Rab1 Bc6 23. Rxb8+ Rxb8 24. Bc5 Bxf3 25. gxf3 Qxh3 26. Qc2 Qxf3 27. Rb1 Rxb1+ 28. Qxb1 Bh6 29. Qb8+ Kg7 30. Qxc7 Qxd3 31. Bb4 Qb1+ 32. Kg2 Qxb4 33. Qd7 Qxc4 34. Qg4+ Kh8 35. Qf5 Bg7 36. Kg3 d3 37. Qd7 Kg8 38. Qe8+ Bf8 39. Qd7 Qc2 40. Kf3 e4+ 41. Ke3 Bh6+ 42. f4 exf3+ 43. Kxf3 d2 44. Ke2 d1=Q# 0-1

[Event "CYCC U08"]
[Site "Vancouver CAN"]
[Date "2012.07.04"]
[Round "4"]
[White "Zhang, Arthur"]
[Black "Wang, Jackie"]
[Result "1-0"]
[WhiteElo "338"]
[BlackElo "718"]
[PlyCount "115"]
[GameId "2160767909508405"]
[EventDate "2012.07.03"]
[EventType "swiss"]
[EventRounds "7"]
[EventCountry "CAN"]
[SourceTitle "EXT 2022"]
[Source "ChessBase"]
[SourceDate "2021.10.06"]
[SourceVersion "1"]
[SourceVersionDate "2021.10.06"]
[SourceQuality "1"]

1. e4 e5 2. Nf3 Nc6 3. Bc4 Nf6 4. Nc3 g6 5. d3 Bg7 6. Bg5 O-O 7. Qd2 d6 8. O-O-O Bg4 9. h3 Bxf3 10. gxf3 Nd4 11. Nd5 Nxf3 12. Qe2 Nxg5 13. Nxf6+ Bxf6 14. h4 Ne6 15. Bxe6 fxe6 16. h5 gxh5 17. Rdg1+ Kh8 18. Qxh5 Qd7 19. Qg6 Rg8 20. Qxf6+ Rg7 21. Rxg7 Qxg7 22. Qh4 d5 23. exd5 exd5 24. f4 e4 25. Qg5 Qxg5 26. fxg5 Rg8 27. Rg1 h6 28. dxe4 dxe4 29. Rg3 hxg5 30. Re3 g4 31. Rxe4 g3 32. Re1 g2 33. Rg1 c5 34. Kd2 b5 35. Ke2 a5 36. Kf2 b4 37. Rxg2 Rxg2+ 38. Kxg2 c4 39. b3 c3 40. Kf2 Kg8 41. Ke3 Kf7 42. Kd4 Ke7 43. Kc5 Kd7 44. Kb5 Kd6 45. Kxa5 Kc5 46. Ka4 Kd4 47. Kxb4 Kd5 48. Kxc3 Kc6 49. a4 Kb7 50. a5 Kc6 51. Kb4 Kb7 52. Kb5 Ka8 53. Kb6 Kb8 54. a6 Kc8 55. a7 Kd8 56. Kc6 Ke8 57. Kd6 Kd8 58. a8=Q# 1-0

[Event "CYCC U08"]
[Site "Vancouver CAN"]
[Date "2012.07.04"]
[Round "4"]
[White "Zhao, Ian"]
[Black "James, Rowan"]
[Result "0-1"]
[WhiteElo "971"]
[BlackElo "1052"]
[PlyCount "88"]
[GameId "2160767909508406"]
[EventDate "2012.07.03"]
[EventType "swiss"]
[EventRounds "7"]
[EventCountry "CAN"]
[SourceTitle "EXT 2022"]
[Source "ChessBase"]
[SourceDate "2021.10.06"]
[SourceVersion "1"]
[SourceVersionDate "2021.10.06"]
[SourceQuality "1"]

1. e4 e5 2. Nf3 Nc6 3. d4 exd4 4. Nxd4 Bc5 5. Be3 Qf6 6. c3 Nge7 7. Bc4 O-O 8. O-O Bd6 9. Nf3 Ne5 10. Bd4 N7c6 11. Nbd2 Nxd4 12. cxd4 Nxc4 13. Nxc4 Bf4 14. Ne3 d6 15. Nd5 Qh6 16. Nxc7 Bg4 17. h3 Bxf3 18. Qxf3 Rac8 19. Nd5 Bg5 20. Qg4 Rc2 21. f4 Bh4 22. Ne3 Rfc8 23. Nxc2 Rxc2 24. Rac1 Rxc1 25. Rxc1 g6 26. g3 Bf6 27. e5 dxe5 28. dxe5 Bxe5 29. Rc8+ Kg7 30. fxe5 Qe3+ 31. Kf1 Qd3+ 32. Qe2 Qb1+ 33. Kf2 Qf5+ 34. Ke1 Qxc8 35. Qb5 Qxh3 36. Kd2 Qxg3 37. Qxb7 Qxe5 38. Kc2 Qc5+ 39. Kb3 Qb6+ 40. Qxb6 axb6 41. Kc3 Kf6 42. Kd3 Kf5 43. Ke3 Kg4 44. Kf2 f6 0-1

[Event "CYCC U08"]
[Site "Vancouver CAN"]
[Date "2012.07.04"]
[Round "4"]
[White "Zhou, Aiden"]
[Black "Du, Daniel"]
[Result "0-1"]
[WhiteElo "768"]
[BlackElo "834"]
[PlyCount "48"]
[GameId "2160767909508407"]
[EventDate "2012.07.03"]
[EventType "swiss"]
[EventRounds "7"]
[EventCountry "CAN"]
[SourceTitle "EXT 2022"]
[Source "ChessBase"]
[SourceDate "2021.10.06"]
[SourceVersion "1"]
[SourceVersionDate "2021.10.06"]
[SourceQuality "1"]

1. e4 e5 2. Nf3 Nc6 3. Bb5 a6 4. Ba4 Nf6 5. O-O Bc5 6. c3 b5 7. Bb3 d6 8. d4 exd4 9. cxd4 Bb6 10. Ng5 O-O 11. Nxf7 Rxf7 12. Bxf7+ Kxf7 13. d5 Ne5 14. Re1 Nfg4 15. Be3 Bxe3 16. fxe3 Qh4 17. h3 Qf2+ 18. Kh1 Nxe3 19. Qh5+ Kf6 20. Rg1 Nf1 21. Qd1 Ng3+ 22. Kh2 g5 23. Nc3 h5 24. Ne2 Nf3# 0-1